Principles of financial management

Uloženo v:
Podrobná bibliografie
Hlavní autor: Curran, Ward S (Autor)
Médium: Kniha
Jazyk:angličtina
Vydáno: Nueva York McGraw-Hill 1970
Edice:McGraw-Hill Series in Finance
Témata:
Tagy: Přidat tag
Žádné tagy, Buďte první, kdo vytvoří štítek k tomuto záznamu!

MARC

LEADER 00000nam a2200000 a 4500
001 UCS0853
003 CL-VaPUC
008 970428e19700000US |||||||||||||||||eng|d
082 0 4 |a 338.76  |b CUR  |2 21 
100 0 |a Curran, Ward S  |e author  |9 384716 
245 1 0 |a Principles of financial management 
300 |a 621 p 
942 |c BK 
945 |d 19970428 00:00:00  |a amoreno 
260 |a Nueva York  |b McGraw-Hill  |c 1970 
650 0 |a Negocios  |9 262468 
650 0 |a Organizaciones  |9 337993 
650 0 |a Sistemas   |9 336966 
650 0 |a Economía   |9 255568 
650 0 |a Administración  |9 259325 
650 0 |a Matemática  |9 260235 
650 0 |a Finanzas  |9 260832 
583 |a last modification  |c 19970428 00:00:00  |k Rodrigo Vera 
490 0 |a McGraw-Hill Series in Finance 
999 |c 259001  |d 258999 
952 |0 0  |1 0  |4 0  |6 338_760000000000000_CUR_1970  |7 0  |8 P  |9 283472  |a BIBGIM  |b BIBGIM  |d 2019-11-19  |i 3278956  |o 338.76 CUR 1970  |p 3278956  |r 2025-01-15  |w 2019-11-19  |y BK  |k COM